Statistics for Every Movie Tom Hanks Was In

Click here to take the quiz!

General Stats

  • This quiz has been taken 23 times
    (5 since last reset)
  • The average score is 35 of 65

Answer Stats

YearCharacterMovie% Correct
2019Fred RogersA Beautiful Day In The Neighborhood
100%
2009Robert LangdonAngels & Demons
100%
1995Jim LovellApollo 13
100%
1988JoshBig
100%
2002Carl HanrattyCatch Me If You Can
100%
2007titular characterCharlie Wilson's War
100%
1994titular characterForrest Gump
100%
1990JoeJoe Versus The Volcano
100%
1993Andrew BeckettPhiladelphia
100%
2002Michael SullivanRoad to Perdition
100%
2013Walt DisneySaving Mr. Banks
100%
1993Sam BaldwinSleepless in Seattle
100%
2016Chesley "Sully" SullenbergerSully
100%
2006Robert LangdonThe Da Vinci Code
100%
2004Conductor, Father, Hero Boy,
Santa Claus, Hobo, Scrooge
The Polar Express
100%
1995WoodyToy Story
100%
1999WoodyToy Story 2
100%
2010WoodyToy Story 3
100%
2019WoodyToy Story 4
100%
1989Detective Scott TurnerTurner & Hooch
100%
1998Joe FoxYou've Got Mail
100%
1984Rick GasskoBachelor Party
67%
2015James B. DonovanBridge of Spies
67%
2013titular characterCaptain Philipps
67%
2006Woody CarCars
67%
2000Chuck NolandCast Away
67%
2012Dermot Hoggins, Dr. Henry Goose,
Hotel Manager, Isaac Sachs,
Zachry, Cavendish Look-a-like Actor
Cloud Atlas
67%
2022Colonel Tom ParkerElvis
67%
2016Robert LangdonInferno
67%
2011titular characterLarry Crowne
67%
2022GeppettoPinocchio
67%
1998Captain MillerSaving Private Ryan
67%
1983Allen BauerSplash
67%
1990Sherman McCoyThe Bonfire of the Vanities
67%
2017Ben BradleeThe Post
67%
2004Viktor NavorskiThe Terminal
67%
1992Jimmy DuganA League of Their Own
33%
2022titularA Man Called Otto
33%
2023Stanley ZakAsteroid City
33%
1987StreebekDragnet
33%
2004Mailbox ElvisElvis Has Left The Building
33%
2011Thomas SchellExtremely Loud & Incredibly Close
33%
1986David BasnerNothing in Common
33%
1988Steven GoldPunchline
33%
1996Mr. WhiteThat Thing You Do!
33%
2016BaileyThe Circle
33%
1999Paul EdgecombThe Green Mile
33%
2004Professor G.H. DorrThe Ladykillers
33%
1986Walter FieldingThe Money Pit
33%
2016AlanA Hologram for the King
0%
2020Tom HanksBorat Subsequent Moviefilm
0%
1986DavidEvery Time We Say Goodbye
0%
2021titular characterFinch
0%
2024Hank, Video Store OwnerFreaky Tales
0%
2020Captain KrauseGreyhound
0%
1980ElliotHe Knows You're Alone
0%
2024, upcomingnot yet knownHere
0%
2015Matthew MacauleyIthaca
0%
2020Captain KiddNews of the World
0%
1992Older MikeRadio Flyer
0%
1989Ray PetersonThe 'Burbs
0%
2008Mr. GableThe Great Buck Howard
0%
1985RichardThe Man With the One Red Shoe
0%
2007Tom HanksThe Simpsons Movie
0%
1985Lawrence Bourne IIIVolunteers
0%

Score Distribution

Percentile by Number Answered

Percent of People with Each Score

Your Score History

You have not taken this quiz since the last reset